00450nam a2200181 a 4500001001300000003000900013005001700022008004100039020000900080082001600089100002100105245002500126260003400151300000900185500003500194650001800229700002100247nice12345678IN_TiNIC20260116011821.0050524s0000 dela grp 000 0 urd  ac5000a297.52bISM aIsmail, Mohammad aNamaz Keamali Faaide aDelhibNihal Kitab Gharc0000 a128p aincludes index and biblioraphy aIslam-Prayers1 aIsmail, Mohammad